Ley General de Salud y Ley Orgánica del Ministerio de Salud

Salvato in:
Dettagli Bibliografici
Ente Autore: Costa Rica. Asamblea Legislativa
Natura: testo
Pubblicazione: San José: Ministerio de Salud. Imprenta Nacional
Tags: Aggiungi Tag
Nessun Tag, puoi essere il primo ad aggiungerne!!

MARC

LEADER 00000 a a2200000 04500
001 15864
003
040
090 |a 016700  
110 |a Costa Rica. Asamblea Legislativa  
245 |a Ley General de Salud y Ley Orgánica del Ministerio de Salud  
260 |a San José:   |b Ministerio de Salud. Imprenta Nacional  
300 |a 69 p.  
999 |c 16452  |d 16452